|
|
|
|
| LEADER |
00000nas a2200000 a 4500 |
| 001 |
ssj0001118 |
| 003 |
WaSeSS |
| 005 |
20200512172242.0 |
| 006 |
m d |
| 007 |
cr n |
| 008 |
751012d19552017nyuwr nes 0 a0eng c |
| 010 |
|
|
|a 73007770
|z sn 78004560
|
| 016 |
7 |
|
|a 010382704
|2 DE-101
|
| 016 |
7 |
|
|a 43287-8
|2 DE-600
|
| 016 |
7 |
|
|a 101088376
|2 DNLM
|
| 016 |
7 |
|
|a 011772193
|2 Uk
|
| 016 |
7 |
|
|a 013914592
|2 Uk
|
| 022 |
|
|
|l 0042-6180
|y 0042-6180
|
| 032 |
|
|
|a 621420
|b USPS
|
| 035 |
|
|
|a (WaSeSS)ssj0001118
|
| 040 |
|
|
|a MUL
|b eng
|c MUL
|d OCL
|d NSD
|d DLC
|d NST
|d AIP
|d NSD
|d AIP
|d NSD
|d DLC
|d NSD
|d OCL
|d NST
|d EBZ
|d NST
|d ELM
|d DLC
|d MGN
|d IUL
|d NYS
|d YOX
|d DLC
|d NYS
|d FUG
|d OBN
|d CUS
|d NVF
|d CVF
|d IUL
|d NYG
|d IUL
|d NYS
|d CUS
|d NLM
|d OCLCQ
|d NYS
|d SERSO
|d GK8
|d CRU
|d U9S
|d OCLCQ
|d GBVCP
|d UKMGB
|d OCLCQ
|d OCLCF
|d OCLCO
|d MNU
|d OCLCO
|d OCL
|d QE2
|d XFF
|d NLGGC
|d CUS
|d WAU
|d OCL
|d CUV
|d ISN
|d DLC
|d YUS
|d OCLCQ
|d FUG
|d TJC
|d WaSeSS
|
| 042 |
|
|
|a nsdp
|a pcc
|
| 043 |
|
|
|a n-us-ny
|
| 050 |
0 |
0 |
|a AP2
|b .V72
|
| 050 |
1 |
4 |
|a AN1.N58
|b V5
|
| 082 |
0 |
0 |
|a 071/.471
|
| 130 |
0 |
|
|a Village voice (Greenwich Village, New York, N.Y.)
|
| 210 |
0 |
|
|a Village voice
|b (N.Y.)
|
| 222 |
|
4 |
|a The Village voice
|b (New York)
|
| 245 |
1 |
4 |
|a The Village voice
|h [electronic resource].
|
| 246 |
3 |
0 |
|a Voice
|
| 260 |
|
|
|a Greenwich Village, N.Y. :
|b Village Voice,
|c 1955-2017.
|
| 310 |
|
|
|a Weekly
|
| 362 |
0 |
|
|a Vol. 1, no. 1 (Oct. 26, 1955)-v. 62, no. 37 (Sept. 20, 2017).
|
| 500 |
|
|
|a Published in New York, N.Y. May 2, 1956-
|
| 500 |
|
|
|a "America's largest weekly newspaper."
|
| 506 |
|
|
|a License restrictions may limit access.
|
| 515 |
|
|
|a Last issue also called Final edition.
|
| 588 |
|
|
|a Latest issue consulted: Vol. 62, no. 37 (Sept. 20, 2017).
|
| 651 |
|
0 |
|a Greenwich Village (New York, N.Y.)
|v Newspapers.
|
| 651 |
|
0 |
|a New York (N.Y.)
|v Newspapers.
|
| 651 |
|
0 |
|a New York County (N.Y.)
|v Newspapers.
|
| 651 |
|
6 |
|a Greenwich Village (New York, N.Y.)
|v Périodiques.
|
| 651 |
|
6 |
|a New York (N.Y.)
|v Périodiques.
|
| 651 |
|
6 |
|a New York (N.Y. : Comté)
|v Périodiques.
|
| 651 |
|
7 |
|a New York (State)
|z New York.
|2 fast
|0 (OCoLC)fst01204333
|
| 651 |
|
7 |
|a New York (State)
|z New York County.
|2 fast
|0 (OCoLC)fst01234953
|
| 651 |
|
7 |
|a New York (State)
|z New York
|z Greenwich Village.
|2 fast
|0 (OCoLC)fst01322891
|
| 651 |
|
4 |
|a Greenwich Village (New York, N.Y.)
|x Newspapers.
|
| 655 |
|
0 |
|a Electronic journals.
|
| 752 |
|
|
|a United States
|b New York
|c New York
|d New York.
|
| 770 |
0 |
|
|t Voice literary supplement
|x 0887-8633
|w (DLC)sf 94092448
|w (OCoLC)8167551
|
| 776 |
1 |
|
|c Microfiche
|d University Microfilms International
|w (DLC)sn 91011038
|w (OCoLC)11168826
|
| 776 |
1 |
|
|c Microfilm
|d University Microfilms
|w (DLC)sf 90091668
|w (OCoLC)5437731
|
| 776 |
1 |
|
|c Microfilm
|d Micro Photo Division, Bell and Howell Company
|w (DLC) 75645115
|w (OCoLC)4509624
|
| 776 |
0 |
8 |
|i Continued online:
|t Village voice (Greenwich Village, New York, N.Y.)
|w (OCoLC)44669040
|
| 850 |
|
|
|a ArU
|a CU-SB
|a CaNBSU
|a DLC
|a GEU
|a InU
|a KU-S
|a LU
|a MChB
|a MH-BA
|a MiU
|a NNC
|a PPiC
|
| 856 |
4 |
0 |
|z Full text available from Research Library: 01/05/1993 to 12/29/2010
|u https://search.proquest.com/publication/34689
|